000 00776nam a2200241Ia 4500
003 IN-BaIIA
008 211028s9999 xx s 000 0 eng d
020 _a978-3-642-19626-3 (Print)
020 _a978-3-642-19627-0 (Online)
022 _a2190-5053 (Print)
022 _a2190-5061 (Online)
040 _cIIA Library
100 _aKeane, Evan Francis
_939673
245 4 _aThe Transient Radio Sky
_h[eBook]
260 _aHeidelberg, Berlin
_bSpringer Berlin Heidelberg
_c2011
300 _aOnline resource
490 _aSpringer Theses
650 _a Astronomy, Astrophysics and Cosmology
_936176
650 _a Spectroscopy and Microscopy
650 _aPhysics
_973
856 _uhttp://doi.org/10.1007/978-3-642-19627-0
_yClick Here to Access eBook
942 _cEB
999 _c21457
_d21457